00482nam a22001457a 4500020001500000082001700015100002000032245003400052260005200086300001000138650003000148942000700178952013400185999001700319 a8174356703 a297.1228 RAF aRafi- Ud- Din M aThe Qura'n & Modren Knowledge aNew DelhibAdam Publishers & Distributorsc2010 a466 P aQura'n & Modren Knowledge cBK 00104070aHMIbHMIcGENd2015-10-27eHuda Book Distribution Hyderabadg0.00l0o297.1228 RAFp24945r2015-10-27w2026-01-16yBK c19822d19822